[Event "CHN-chTB"]
[Site "Harbin"]
[Date "2019.07.21"]
[Round "2.1"]
[White "Huang, Renjie"]
[Black "Li, Zekai"]
[Result "1/2-1/2"]
[WhiteElo "2352"]
[BlackElo "1918"]
[PlyCount "144"]
[EventDate "2019.07.20"]
[EventType "team-swiss"]
[EventRounds "11"]
[EventCountry "CHN"]
[SourceTitle "CBM 191 Extra"]
[Source "ChessBase"]
[SourceDate "2019.09.30"]
[SourceVersion "1"]
[SourceVersionDate "2019.09.30"]
[SourceQuality "1"]
[WhiteTeam "Qingdao Chengyang"]
[BlackTeam "Qingdao Chess Association"]
[WhiteTeamCountry "CHN"]
[BlackTeamCountry "CHN"]

1. e4 e5 2. Nf3 Nc6 3. Bb5 a6 4. Ba4 Nf6 5. 0-0 Be7 6. d4 exd4 7. e5 Ne4 8. Nxd4 0-0 9. Nf5 d5 10. exd6 Bxf5 11. dxe7 Nxe7 12. c3 Qxd1 13. Bxd1 Rad8 14. Bf3 Ng6 15. Be3 Ne5 16. Be2 Nd6 17. Nd2 Bd3 18. Rfe1 Bxe2 19. Rxe2 Nec4 20. Nxc4 Nxc4 21. Bf4 Rfe8 22. Rxe8+ Rxe8 23. b3 Ne5 24. Rd1 f6 25. f3 Kf7 26. Kf2 Kf8 27. h3 Re7 28. Rd8+ Re8 29. Rd5 Kf7 30. c4 Re7 31. Bg3 c6 32. Rd6 Ke8 33. Rd4 Rd7 34. Bxe5 fxe5 35. Rg4 Kf7 36. Ke3 Kf6 37. c5 Ke6 38. Rc4 Kd5 39. g3 h6 40. h4 Re7 41. Rc2 Rf7 42. a3 a5 43. Rc4 Re7 44. Ra4 Kxc5 45. Rxa5+ Kd6 46. Ke4 Re8 47. b4 Rf8 48. a4 Re8 49. Rc5 b6 50. Rc3 Ra8 51. Rd3+ Ke6 52. Ra3 Kd6 53. a5 bxa5 54. bxa5 Kc5 55. Rc3+ Kb5 56. Kxe5 Rxa5 57. Kd6 Ra6 58. Rc5+ Kb4 59. g4 Ra3 60. Rxc6 Rxf3 61. Rc7 g6 62. Rb7+ Kc3 63. Ra7 Rf4 64. Ra3+ Kd2 65. Rg3 g5 66. hxg5 hxg5 67. Ke5 Ke2 68. Ra3 Kf2 69. Rh3 Rxg4 70. Kf5 Rg1 71. Ra3 g4 72. Kf4 Re1 1/2-1/2

[Event "Asian Amateur-ch"]
[Site "Zhengzhou"]
[Date "2019.01.04"]
[Round "8"]
[White "Cai, Boheng"]
[Black "Li, Zekai"]
[Result "0-1"]
[WhiteElo "1777"]
[BlackElo "1937"]
[PlyCount "106"]
[EventDate "2018.12.31"]
[EventType "swiss"]
[EventRounds "9"]
[EventCountry "CHN"]
[SourceTitle "CBM 188 Extra"]
[Source "ChessBase"]
[SourceDate "2019.02.26"]
[SourceVersion "1"]
[SourceVersionDate "2019.02.26"]
[SourceQuality "1"]

1. d4 f5 2. c4 Nf6 3. Nf3 e6 4. g3 d5 5. Bg2 c6 6. 0-0 Bd6 7. b3 Qe7 8. a4 0-0 9. Ba3 Bxa3 10. Nxa3 Nbd7 11. Nb1 Ne4 12. Qc2 Qb4 13. Nbd2 Ndf6 14. Rac1 Bd7 15. Nxe4 dxe4 16. Ne5 Qd6 17. Rfd1 Be8 18. Qc3 Bh5 19. Rd2 Rad8 20. Rcd1 Qe7 21. b4 a6 22. Rb1 Nd7 23. Nxd7 Rxd7 24. f3 exf3 25. exf3 f4 26. g4 Bg6 27. Re1 Rfd8 28. Bf1 Qf6 29. Red1 h5 30. h3 hxg4 31. hxg4 Qh4 32. Rh2 Qf6 33. Rhd2 b6 34. c5 b5 35. a5 Kf8 36. Bg2 Ke7 37. Bf1 Rd5 38. Qb2 R8d7 39. Qc3 Kd8 40. Qb2 Kc7 41. Qc3 Rd8 42. Qb2 Rh8 43. Bg2 Rhd8 44. Bf1 R8d7 45. Qc3 Qd8 46. Re2 e5 47. Qc1 Kb7 48. Rde1 Rxd4 49. Rxe5 Rxb4 50. Re6 Bf7 51. R6e4 Rxe4 52. Rxe4 Rd1 53. Qb2 Qd3 0-1

[Event "Asian Amateur-ch"]
[Site "Zhengzhou"]
[Date "2019.01.03"]
[Round "6"]
[White "Huang, Yishi"]
[Black "Li, Zekai"]
[Result "0-1"]
[WhiteElo "1477"]
[BlackElo "1937"]
[PlyCount "84"]
[EventDate "2018.12.31"]
[EventType "swiss"]
[EventRounds "9"]
[EventCountry "CHN"]
[SourceTitle "CBM 188 Extra"]
[Source "ChessBase"]
[SourceDate "2019.02.26"]
[SourceVersion "1"]
[SourceVersionDate "2019.02.26"]
[SourceQuality "1"]

1. d4 Nf6 2. c4 e6 3. Nf3 b6 4. a3 Bb7 5. Nc3 d5 6. cxd5 exd5 7. Bg5 Nbd7 8. e3 Be7 9. Bd3 h6 10. Bh4 Ne4 11. Bxe7 Qxe7 12. Qc2 0-0 13. 0-0 f5 14. Ne2 c6 15. Nf4 Qf7 16. Be2 Ng5 17. Rac1 Rac8 18. Qa4 a6 19. Nh4 b5 20. Qc2 Qf6 21. Nd3 Nh3+ 22. gxh3 Qxh4 23. f4 Qxh3 24. Rf3 Qh4 25. b4 Rce8 26. Ne5 Nxe5 27. fxe5 f4 28. e4 c5 29. exd5 Bxd5 30. bxc5 Qg4+ 31. Kf2 Qh4+ 32. Kg1 Qh5 33. Qd3 Rf5 34. Rcf1 Ref8 35. Qc3 Rg5+ 36. Kf2 Qh4+ 37. Rg3 fxg3+ 38. Ke1 g2+ 39. Kd2 gxf1Q 40. Bxf1 Rxf1 41. c6 Qxh2+ 42. Kd3 Rg3# 0-1

[Event "Asian Amateur-ch"]
[Site "Zhengzhou"]
[Date "2019.01.02"]
[Round "4"]
[White "Sun, Furong"]
[Black "Li, Zekai"]
[Result "1-0"]
[WhiteElo "1896"]
[BlackElo "1937"]
[PlyCount "117"]
[EventDate "2018.12.31"]
[EventType "swiss"]
[EventRounds "9"]
[EventCountry "CHN"]
[SourceTitle "CBM 188 Extra"]
[Source "ChessBase"]
[SourceDate "2019.02.26"]
[SourceVersion "1"]
[SourceVersionDate "2019.02.26"]
[SourceQuality "1"]

1. e4 e5 2. Nf3 Nc6 3. d4 exd4 4. Bc4 Nf6 5. e5 d5 6. Bb5 Ne4 7. Nxd4 Bd7 8. Bxc6 bxc6 9. 0-0 Be7 10. f3 Nc5 11. f4 f5 12. b4 Ne4 13. e6 Bc8 14. Nxc6 Qd6 15. Nxe7 Kxe7 16. Qd4 Qb6 17. Be3 Qxd4 18. Bxd4 Rg8 19. Nc3 Bxe6 20. Nb5 c6 21. Nc7 Rab8 22. Na6 Rb7 23. Rfe1 Kf7 24. Re3 Re7 25. Rae1 Rge8 26. Be5 Bc8 27. Nc5 Nxc5 28. bxc5 Rb7 29. Ra3 Ree7 30. Kf2 Rb5 31. Bd6 Rxe1 32. Rxa7+ Rb7 33. Rxb7+ Bxb7 34. Kxe1 Ke6 35. Be5 g6 36. Kd2 Ba6 37. Kc3 Kd7 38. a4 Bf1 39. a5 Ke6 40. Kd4 Ba6 41. Ke3 Kf7 42. Kf3 h6 43. Kg3 h5 44. Kh4 Bb5 45. Kg5 Ba6 46. h3 Bb7 47. g4 hxg4 48. hxg4 fxg4 49. Kxg4 Ba6 50. Kg5 Bc8 51. Bf6 Ba6 52. f5 gxf5 53. Kxf5 d4 54. Ke5 Bb5 55. Bh4 Kg6 56. Kd6 Kf5 57. Kc7 Ke4 58. Kb6 Kd5 59. Be7 1-0

[Event "CHN-chTB"]
[Site "Qinhuangdao"]
[Date "2017.07.12"]
[Round "5.1"]
[White "Li, Zekai"]
[Black "Li, Shilong"]
[Result "0-1"]
[WhiteElo "1867"]
[BlackElo "2512"]
[PlyCount "102"]
[EventDate "2017.07.10"]
[EventType "team-tourn"]
[EventRounds "11"]
[EventCountry "CHN"]
[SourceTitle "EXT 2018"]
[Source "ChessBase"]
[SourceDate "2017.10.13"]
[SourceVersion "1"]
[SourceVersionDate "2017.10.13"]
[SourceQuality "1"]
[WhiteTeam "Qingdao High Level Training"]
[BlackTeam "Guangdong Zhuhai"]
[WhiteTeamCountry "CHN"]
[BlackTeamCountry "CHN"]

1. e4 c5 2. Nf3 e6 3. c4 b6 4. d4 cxd4 5. Qxd4 Nc6 6. Qd1 Nf6 7. Bd3 Qc7 8. 0-0 Bd6 9. Nc3 a6 10. h3 Bb7 11. b3 Ne5 12. Bb2 Nxf3+ 13. Qxf3 Be5 14. Qe3 Bf4 15. Qe2 0-0 16. Na4 e5 17. Nc3 d6 18. a4 Nd7 19. g3 Bh6 20. Bc2 Rac8 21. Rad1 Rfd8 22. Qh5 Nc5 23. f4 exf4 24. gxf4 Qe7 25. Rde1 Qf6 26. Nd1 Qg6+ 27. Qxg6 hxg6 28. Nc3 Re8 29. Bc1 Kf8 30. Kh2 Re7 31. b4 Nd7 32. Bd3 Rce8 33. Be3 f5 34. Nd5 Bxd5 35. cxd5 a5 36. bxa5 bxa5 37. Bb5 fxe4 38. Rc1 Rd8 39. Rc6 Nf6 40. Bb6 Rb8 41. Bc7 Rxc7 42. Rxc7 Nxd5 43. Rd7 Bxf4+ 44. Kh1 g5 45. h4 Nf6 46. Rc7 d5 47. Rc2 Kf7 48. hxg5 Bxg5 49. Bc6 Ke6 50. Kg1 Ke5 51. Rc5 Be3+ 0-1